Man-made lowlands : History of water management and land reclamation in the Netherlands

This publication of the Netherlands National ICID Committee is significantly larger than the previous three editions. This is due to many new developments that have taken place in the Netherlands during the past ten years

Spremljeno u:
Bibliografski detalji
Format: Knjiga
Jezik:Undetermined
Izdano: [Utrecht] Matrijs 2004
Teme:
Oznake: Dodaj oznaku
Bez oznaka, Budi prvi tko označuje ovaj zapis!
Thư viện lưu trữ: Trung tâm Học liệu Trường Đại học Cần Thơ
LEADER 00917nam a2200217Ia 4500
001 CTU_158262
008 210402s9999 xx 000 0 und d
082 |a 627.09492 
082 |b M266 
245 0 |a Man-made lowlands : 
245 0 |b History of water management and land reclamation in the Netherlands 
245 0 |c G.P. van de Ven, editor 
260 |a [Utrecht] 
260 |b Matrijs 
260 |c 2004 
520 |a This publication of the Netherlands National ICID Committee is significantly larger than the previous three editions. This is due to many new developments that have taken place in the Netherlands during the past ten years 
650 |a Hydraulic engineering,Kỹ thuật thủy lợi,Reclamation of land 
650 |x History,Lịch sử,History 
650 |z Netherlands,Hà Lan,Netherlands 
904 |i Trọng Hiếu 
980 |a Trung tâm Học liệu Trường Đại học Cần Thơ